[Event "SC Doppelbauer Brambauer 1 - SC Gerthe "]
[Site "Verbandsliga, Gruppe 2 2017/2"]
[Date "2018.02.04"]
[Round "6.7"]
[White "Melmer, Felix"]
[Black "Rips, Frank"]
[Result "0-1"]
[WhiteElo "1867"]
[BlackElo "1791"]
[PlyCount "120"]
[EventDate "2018.??.??"]

1. e4 d5 2. exd5 Qxd5 3. Nc3 Qa5 4. d4 c6 5. Nf3 Nf6 6. Bd3 Bg4 7. O-O e6 8. h3
Bh5 9. Ne4 Nbd7 10. c3 Nxe4 11. Bxe4 Nf6 12. Bd3 Bd6 13. Re1 O-O 14. Be2 Rad8
15. Nd2 Bxe2 16. Qxe2 Bb8 17. Nf3 h6 18. Ne5 c5 19. Be3 Nd5 20. Qg4 Nxe3 21.
Rxe3 cxd4 22. cxd4 Rd5 23. Rg3 Bxe5 24. dxe5 g6 25. b4 Qc7 26. f4 Rfd8 27. h4
Qc2 28. Kh2 Kh7 29. a4 Rd1 30. Rc3 Qxc3 31. Rxd1 Rxd1 32. Qxd1 Qxb4 33. g3 Qe4
34. Qd7 Kg7 35. a5 h5 36. Qd8 Qe2+ 37. Kh3 Qf1+ 38. Kh2 Qf2+ 39. Kh3 Qg1 40.
Qf6+ Kg8 41. Qd8+ Kh7 42. Qd2 b5 43. axb6 axb6 44. Qg2 Qd1 45. Qb7 Kg7 46. Kg2
Qe2+ 47. Kg1 Qe3+ 48. Kg2 Qc5 49. Kf1 b5 50. Qb8 Qd5 51. Kf2 Qd4+ 52. Ke2 b4
53. Qd6 Qxd6 54. exd6 Kf8 55. Kd3 b3 56. Kc3 b2 57. Kxb2 Ke8 58. Kc3 Kd7 59.
Kd4 Kxd6 60. Ke4 f6 0-1

[Event "SC Doppelbauer Brambauer 1 - SC Gerthe "]
[Site "Verbandsliga, Gruppe 2 2017/2"]
[Date "2018.02.04"]
[Round "6.8"]
[White "Bracht, Michael"]
[Black "Meise, Ulrich"]
[Result "1-0"]
[WhiteElo "1949"]
[BlackElo "1858"]
[PlyCount "55"]
[EventDate "2018.??.??"]

1. d4 d5 2. Nf3 c6 3. e3 Nf6 4. Bd3 e6 5. Nbd2 Bd6 6. c4 Nbd7 7. Qc2 e5 8. dxe5
Nxe5 9. Nxe5 Bxe5 10. Nf3 Bc7 11. Bd2 h6 12. Bc3 Be6 13. O-O-O Qe7 14. Bxf6
Qxf6 15. Nd4 dxc4 16. Nxe6 Qxe6 17. Bf5 Qe5 18. Bd7+ Kf8 19. Qxc4 Bd8 20. Bg4
Bf6 21. Qb3 g6 22. Rd7 Be7 23. Rhd1 b6 24. Bf3 Kg7 25. Kb1 Rhd8 26. Qc3 Qxc3
27. bxc3 Rac8 28. Rxe7 1-0

[Event "SG Gladbeck 1 - SG Bochum 3"]
[Site "Verbandsliga, Gruppe 2 2017/2"]
[Date "2018.02.04"]
[Round "6.1"]
[White "Zeldin, Leonid"]
[Black "Hassenrueck, Helmut"]
[Result "1/2-1/2"]
[WhiteElo "2076"]
[BlackElo "2044"]
[PlyCount "34"]
[EventDate "2018.??.??"]

1. e4 e5 2. Nf3 Nc6 3. Bc4 Nf6 4. O-O Nxe4 5. Re1 d5 6. Bb5 Bc5 7. d4 exd4 8.
Nbd2 O-O 9. Nxe4 dxe4 10. Rxe4 Qd5 11. Bxc6 bxc6 12. Re5 Qd6 13. Bf4 f6 14. Rh5
Qxf4 15. Rxc5 Rd8 16. Rxc6 Bg4 17. Rc4 Rd5 1/2-1/2

[Event "SG Gladbeck 1 - SG Bochum 3"]
[Site "Verbandsliga, Gruppe 2 2017/2"]
[Date "2018.02.04"]
[Round "6.3"]
[White "Butschek, Marc"]
[Black "Frohne, Gerd"]
[Result "1-0"]
[WhiteElo "1974"]
[BlackElo "2088"]
[PlyCount "59"]
[EventDate "2018.??.??"]

1. e4 e6 2. d4 d5 3. exd5 exd5 4. Nf3 Bd6 5. c4 Nf6 6. Nc3 O-O 7. Be2 dxc4 8.
Bxc4 Nbd7 9. O-O Nb6 10. Bb3 c6 11. Bg5 h6 12. Bh4 Bf5 13. Ne5 g5 14. Bg3 Nbd5
15. Qf3 Be6 16. Rfe1 Bb4 17. Bc2 Re8 18. h4 g4 19. Qd3 Bf8 20. a3 Bg7 21. f4
Ne7 22. Ne2 Bf5 23. Qb3 Bxc2 24. Qxc2 Qd5 25. Rad1 Rad8 26. Nc3 Qa5 27. Qb3
Ned5 28. Qxb7 Rxe5 29. Rxe5 Nxc3 30. Rxa5 1-0

[Event "SG Gladbeck 1 - SG Bochum 3"]
[Site "Verbandsliga, Gruppe 2 2017/2"]
[Date "2018.02.04"]
[Round "6.4"]
[White "Berg, Dietmar"]
[Black "Boehle, Lars"]
[Result "0-1"]
[WhiteElo "1969"]
[BlackElo "2109"]
[PlyCount "54"]
[EventDate "2018.??.??"]

1. d4 e6 2. e4 d5 3. exd5 exd5 4. Bd3 Bd6 5. Nf3 Ne7 6. O-O Bg4 7. Re1 Nbc6 8.
c3 Qd7 9. Nbd2 O-O-O 10. Qa4 Kb8 11. Be2 f6 12. Bd1 Ng6 13. Nf1 h5 14. Be3 Nf4
15. Bxf4 Bxf4 16. Be2 h4 17. Qc2 g5 18. Qd1 Bf5 19. Bb5 Rdg8 20. N3d2 g4 21.
Nb3 g3 22. Nc5 gxh2+ 23. Kh1 Qd6 24. Qa4 Bh3 25. Ne3 Bxe3 26. gxh3 Bxf2 27. Rf1
Qg3 0-1

[Event "SG Gladbeck 1 - SG Bochum 3"]
[Site "Verbandsliga, Gruppe 2 2017/2"]
[Date "2018.02.04"]
[Round "6.5"]
[White "Biermann, Florian"]
[Black "Rickert, Stefan"]
[Result "1-0"]
[WhiteElo "2018"]
[BlackElo "1894"]
[PlyCount "129"]
[EventDate "2018.??.??"]

1. g3 c5 2. Bg2 d5 3. Nf3 Nc6 4. d3 Nf6 5. O-O e5 6. e4 dxe4 7. dxe4 Bg4 8.
Nbd2 Nd4 9. c3 Nxf3+ 10. Bxf3 h5 11. Qe2 Bh3 12. Bg2 Bxg2 13. Kxg2 h4 14. Qb5+
Qd7 15. Qxd7+ Nxd7 16. Nc4 b5 17. Ne3 Nf6 18. f3 hxg3 19. hxg3 a5 20. a4 b4 21.
Nc4 Nd7 22. Rd1 Ra6 23. Rd5 f6 24. Be3 g5 25. Rad1 Rh7 26. cxb4 axb4 27. b3 Rc6
28. a5 Rc8 29. a6 Rc7 30. Ra1 Ra7 31. Nd6+ Bxd6 32. Rxd6 Rh8 33. Rc6 Kf7 34.
Bxc5 Nxc5 35. Rxc5 Rha8 36. Rc6 Ke7 37. Rb6 Rd7 38. Ra2 Rda7 39. Ra4 Kf7 40. f4
gxf4 41. gxf4 exf4 42. Kf3 Kg7 43. Kxf4 Re7 44. Rb7 Kf7 45. Kf5 Ra7 46. Rbxb4
Re5+ 47. Kf4 Kg6 48. Rb6 Rh5 49. Rd4 Ra5 50. Rdd6 Rf7 51. b4 Ra1 52. b5 Rf1+
53. Ke3 Re1+ 54. Kd3 Kg5 55. Rd5+ Kg4 56. Rb7 Rf8 57. a7 Rc8 58. b6 Rcc1 59.
Rg7+ Kh4 60. Rg2 Ra1 61. Rd8 Kh3 62. a8=Q Kxg2 63. Rg8+ Kf2 64. Qxa1 Rxa1 65.
b7 1-0

[Event "SG Gladbeck 1 - SG Bochum 3"]
[Site "Verbandsliga, Gruppe 2 2017/2"]
[Date "2018.02.04"]
[Round "6.6"]
[White "Kucheyda, Joerg"]
[Black "Biermann, Lenhard"]
[Result "1-0"]
[WhiteElo "1939"]
[BlackElo "1914"]
[Annotator "Daniel"]
[PlyCount "135"]
[EventDate "2018.??.??"]

1. d4 e6 2. c4 b6 3. Nf3 Bb7 4. g3 Bb4+ 5. Bd2 Bxf3 6. exf3 Bxd2+ 7. Nxd2 Ne7
8. Bg2 d5 9. O-O O-O 10. Rc1 Nd7 11. f4 Nf6 12. c5 c6 13. Re1 Nd7 14. Nb3 Rb8
15. Qe2 Qc8 16. Bh3 Re8 17. Rc3 Kf8 18. Qc2 g6 19. Rce3 Nf6 20. f3 Qc7 21. Qe2
Kg7 22. Re5 h5 23. Qd2 Ra8 24. Nc1 bxc5 25. dxc5 d4 26. f5 exf5 27. Qxd4 Rad8
28. Qa4 Ned5 29. Rxe8 Rxe8 30. Rxe8 Nxe8 31. Qd4+ Nef6 32. Bf1 Qa5 33. a3 Qe1
34. Nd3 Qd1 35. Qf2 Nd7 36. b4 Kh7 37. Qe2 Qxe2 38. Bxe2 Kg7 39. Kf2 Nc3 40.
Nb2 Kf6 41. f4 Ke7 42. Bf3 Nb8 43. Ke3 Kd7 44. Nc4 f6 45. Kd3 Nb5 46. a4 Nc7
47. Na5 a6 48. Kc4 Ne6 49. Nb7 Kc7 50. Nd6 Nd7 51. a5 h4 $11 52. Be2 hxg3 53.
hxg3 g5 54. fxg5 fxg5 55. Nxf5 Nb8 56. Nd4 Nf8 57. Kc3 Kd7 58. Bg4+ Ke7 59. Bc8
Kd8 60. Ne6+ Kxc8 61. Nxf8 Kd8 62. Ne6+ Ke7 63. Nxg5 Kf6 64. Ne4+ Kf5 65. Kd4
Nd7 66. Nd6+ Kg4 67. Nc8 Kxg3 68. Ne7 1-0

[Event "SG Gladbeck 1 - SG Bochum 3"]
[Site "Verbandsliga, Gruppe 2 2017/2"]
[Date "2018.02.04"]
[Round "6.7"]
[White "Zeldin, Vitali"]
[Black "Wenzel, Martin"]
[Result "0-1"]
[WhiteElo "1970"]
[BlackElo "1948"]
[PlyCount "50"]
[EventDate "2018.??.??"]

1. e4 c6 2. d4 d5 3. e5 Bf5 4. Bd3 Bxd3 5. Qxd3 e6 6. c3 Nd7 7. Ne2 Ne7 8. O-O
Qc7 9. Na3 Nf5 10. Nc2 h6 11. Ng3 Nxg3 12. fxg3 Be7 13. g4 c5 14. Ne1 cxd4 15.
cxd4 Qc4 16. Qd1 f6 17. b3 Qb5 18. Qc2 Kf7 19. Nf3 Rac8 20. Qf2 Rhf8 21. h4 Kg8
22. Qg3 fxe5 23. dxe5 Bc5+ 24. Rf2 Bxf2+ 25. Kxf2 Rc2+ 0-1

[Event "SG Gladbeck 1 - SG Bochum 3"]
[Site "Verbandsliga, Gruppe 2 2017/2"]
[Date "2018.02.04"]
[Round "6.8"]
[White "Winzbeck, Frank"]
[Black "Blome, Simon"]
[Result "1/2-1/2"]
[WhiteElo "1850"]
[BlackElo "1801"]
[Annotator "Daniel"]
[PlyCount "87"]
[EventDate "2018.??.??"]

1. d4 Nf6 2. c4 e6 3. Nf3 b6 4. Nc3 Bb4 5. Bg5 h6 6. Bh4 Bb7 7. e3 O-O 8. Bd3
c5 9. O-O cxd4 10. exd4 Bxc3 11. bxc3 d6 12. a4 Nc6 13. Rb1 Na5 14. Re1 Rc8 15.
Nd2 g5 16. Bg3 Ba6 17. Rb4 d5 18. Qe2 dxc4 19. Nxc4 Nxc4 20. Bxc4 Rxc4 21. Rxc4
Nd5 22. Be5 f6 23. Qh5 Kg7 24. Rc6 fxe5 25. Rxe6 Nf6 26. Qd1 $11 e4 27. f3 Bc4
28. Re5 e3 29. R5xe3 Nd5 30. Re5 Nxc3 31. Re7+ Rf7 32. Rxf7+ Kxf7 33. Qd2 Ne2+
34. Kh1 Qd5 35. Qe3 Qe6 36. Qd2 Qd5 37. Qe3 a6 38. Qd2 b5 39. axb5 axb5 40. h4
Qxd4 41. Rxe2 Qxh4+ 42. Kg1 Bxe2 43. Qd7+ Kf6 44. Qd6+ 1/2-1/2

[Event "SV Rot-Weiß-Altenessen 1 - SV Mülheim-N"]
[Site "Verbandsliga, Gruppe 2 2017/2"]
[Date "2018.02.04"]
[Round "6.1"]
[White "Walter, Andreas"]
[Black "Praß, Marian"]
[Result "1-0"]
[WhiteElo "2131"]
[BlackElo "2012"]
[PlyCount "49"]
[EventDate "2018.??.??"]

1. d4 Nf6 2. c4 g6 3. Nc3 Bg7 4. e4 d6 5. f3 O-O 6. Be3 e5 7. Nge2 c6 8. Qd2 a6
9. dxe5 dxe5 10. Qxd8 Rxd8 11. Na4 Nbd7 12. c5 Bf8 13. Nc1 Re8 14. Nb3 Nh5 15.
O-O-O Rb8 16. Bc4 Be7 17. Rd2 Nf8 18. Nb6 Be6 19. Bxe6 Nxe6 20. Nd7 Rbd8 21.
Rhd1 f6 22. Na5 Nxc5 23. Bxc5 Bxc5 24. Nxf6+ Nxf6 25. Rxd8 1-0

[Event "SV Rot-Weiß-Altenessen 1 - SV Mülheim-N"]
[Site "Verbandsliga, Gruppe 2 2017/2"]
[Date "2018.02.04"]
[Round "6.2"]
[White "Kordonowski, Frank"]
[Black "Ozerov, Ilja"]
[Result "1/2-1/2"]
[WhiteElo "2000"]
[BlackElo "2181"]
[PlyCount "121"]
[EventDate "2018.??.??"]

1. Nf3 f5 2. b3 d6 3. d4 Nf6 4. Bb2 g6 5. g3 Bg7 6. Bg2 O-O 7. O-O e5 8. dxe5
Nfd7 9. Nbd2 Nxe5 10. Nxe5 dxe5 11. Nc4 e4 12. Bxg7 Kxg7 13. f3 exf3 14. Bxf3
Qf6 15. Qc1 Nc6 16. Bxc6 Qxc6 17. Qb2+ Kg8 18. Rad1 Be6 19. Ne5 Qb6+ 20. Qd4
Rad8 21. Qxb6 axb6 22. Nd3 Rd6 23. Kf2 Rfd8 24. Ke3 b5 25. Nb2 Bd5 26. Rf4 Be4
27. Rxd6 Rxd6 28. c4 Ra6 29. a4 bxa4 30. Nxa4 Bc2 31. Rd4 Bxb3 32. Nc5 Ra3 33.
Rd8+ Kg7 34. Kd4 b6 35. Rd7+ Kf6 36. Nxb3 Rxb3 37. Rxc7 b5 38. c5 Ke6 39. Rxh7
Rb4+ 40. Kd3 Kd5 41. Rg7 Rg4 42. Rc7 b4 43. c6 Kd6 44. Rc8 b3 45. Rb8 Kxc6 46.
Rxb3 Kd5 47. Ke3 Ke5 48. Rb6 g5 49. Kf3 Ra4 50. Rb5+ Kf6 51. h3 g4+ 52. hxg4
Rxg4 53. e3 Ra4 54. Rb6+ Kg5 55. Re6 Rb4 56. Re8 Ra4 57. Rg8+ Kf6 58. g4 fxg4+
59. Rxg4 Rxg4 60. Kxg4 Ke5 61. Kf3 1/2-1/2

[Event "SV Rot-Weiß-Altenessen 1 - SV Mülheim-N"]
[Site "Verbandsliga, Gruppe 2 2017/2"]
[Date "2018.02.04"]
[Round "6.3"]
[White "Limbourg, Philipp"]
[Black "Birdaini, Becir"]
[Result "0-1"]
[WhiteElo "2165"]
[BlackElo "2010"]
[Annotator "Daniel"]
[PlyCount "110"]
[EventDate "2018.??.??"]

1. e4 c6 2. Nc3 d5 3. d4 dxe4 4. Nxe4 Bf5 5. Ng3 Bg6 6. Nh3 e6 7. Nf4 Bd6 8. h4
Bxf4 9. Bxf4 h6 10. h5 Bh7 11. Bc4 Nf6 12. Qd2 Nbd7 13. O-O-O Nb6 14. Bb3 a5
15. a4 Nbd5 16. Be5 O-O 17. Rhe1 b5 18. Bxf6 Nxf6 19. Re5 Qd6 20. Rde1 Kh8 21.
f4 Nd7 22. R5e3 Nb6 23. Rf3 bxa4 24. Ba2 a3 25. Rxa3 a4 26. Ne4 Bxe4 27. Rxe4
Rfb8 28. f5 exf5 29. Re5 Nd7 30. Rxf5 Rxb2 31. Kxb2 Rb8+ 32. Bb3 Nb6 33. Rc5
axb3 34. Qc3 Nd5 35. Qd2 bxc2+ 36. Rb3 Ra8 37. Rxc2 Qe6 38. Qe2 Qf6 39. Qe5 Qd8
40. Rxc6 Nf6 41. g3 Nd7 42. Qd5 Qe8 43. Rb7 Qe2+ 44. Rc2 Qa6 45. Kc3 Nf6 46.
Qh1 Qa5+ 47. Kd3 Qf5+ 48. Kd2 Ne4+ 49. Kc1 Qg5+ 50. Kb1 Qa5 51. Kc1 Qg5+ 52.
Kb2 Qd5 53. Rb4 Qa2+ 54. Kc1 Qa1+ 55. Rb1 Qa3+ {Rest unleserlich!} 0-1

[Event "SV Rot-Weiß-Altenessen 1 - SV Mülheim-N"]
[Site "Verbandsliga, Gruppe 2 2017/2"]
[Date "2018.02.04"]
[Round "6.4"]
[White "Cavasin, Joerg"]
[Black "Simanowski, Mio"]
[Result "1-0"]
[WhiteElo "1891"]
[BlackElo "1933"]
[PlyCount "41"]
[EventDate "2018.??.??"]

1. c4 Nf6 2. Nf3 d5 3. d4 c6 4. e3 e6 5. Nc3 Bd6 6. Bd3 O-O 7. O-O b6 8. b3 Bb7
9. Bb2 Nbd7 10. Rc1 c5 11. Qe2 Re8 12. Rfd1 cxd4 13. Nxd4 Nc5 14. Bb1 a6 15.
cxd5 Nxd5 16. Nxd5 Bxd5 17. Qg4 g6 18. Nf3 f5 19. Qd4 Re7 20. Qh8+ Kf7 21. Ng5#
1-0

[Event "SV Rot-Weiß-Altenessen 1 - SV Mülheim-N"]
[Site "Verbandsliga, Gruppe 2 2017/2"]
[Date "2018.02.04"]
[Round "6.5"]
[White "Kuipers, Dustin"]
[Black "Rohloff, Markus"]
[Result "0-1"]
[WhiteElo "2039"]
[BlackElo "1830"]
[PlyCount "120"]
[EventDate "2018.??.??"]

1. Nf3 Nf6 2. g3 g6 3. b3 Bg7 4. Bb2 O-O 5. Bg2 c6 6. O-O d6 7. d4 Nbd7 8. Nbd2
Qc7 9. e4 e5 10. dxe5 Nxe5 11. Nxe5 dxe5 12. Nc4 Rd8 13. Qe1 Ng4 14. h3 b5 15.
Qa5 Rd7 16. Rad1 bxc4 17. Qxc7 Rxc7 18. Rd8+ Bf8 19. hxg4 Rd7 20. Rxd7 Bxd7 21.
Bxe5 Bxg4 22. Rb1 Rd8 23. bxc4 Rd1+ 24. Rxd1 Bxd1 25. c3 a5 26. Bc7 a4 27. e5
a3 28. Be4 Bb3 29. Bb1 Bxc4 30. Kg2 Bc5 31. Ba5 Kf8 32. Bb4 Bxb4 33. cxb4 Ke7
34. Kf3 Kd7 35. Ke4 Ke6 36. Kd4 Bb5 37. f4 h5 38. Bc2 Ke7 39. Kc5 Ke6 40. Bb1
Ba4 41. Kd4 Bd1 42. Kc4 Ke7 43. Be4 Ba4 44. Kc5 Bb3 45. Bb1 Ba4 46. Bd3 Bb3 47.
Bc4 Ba4 48. Kd4 f6 49. Ke4 Bc2+ 50. Ke3 fxe5 51. fxe5 g5 52. Kd4 h4 53. gxh4
gxh4 54. Ke3 h3 55. Kf3 Bf5 56. b5 cxb5 57. Bxb5 Be6 58. Kg3 Bxa2 59. Bd3 Be6
60. Bb1 Kd7 0-1

[Event "SV Rot-Weiß-Altenessen 1 - SV Mülheim-N"]
[Site "Verbandsliga, Gruppe 2 2017/2"]
[Date "2018.02.04"]
[Round "6.6"]
[White "Avgustin, Thomas"]
[Black "Mainusch, Martin"]
[Result "1/2-1/2"]
[WhiteElo "1709"]
[BlackElo "1978"]
[PlyCount "98"]
[EventDate "2018.??.??"]

1. e4 e6 2. d4 d5 3. Nc3 Nc6 4. Nf3 Nf6 5. exd5 exd5 6. Be2 Be7 7. Bf4 a6 8.
O-O O-O 9. h3 Ne4 10. Ne5 Nxe5 11. Bxe5 Nxc3 12. bxc3 Bf5 13. c4 dxc4 14. Bxc4
Bd6 15. Bxd6 Qxd6 16. c3 Qg6 17. Qf3 c6 18. Rfe1 Rae8 19. Bf1 f6 20. Bc4+ Kh8
21. Kf1 Be4 22. Qg3 Qxg3 23. fxg3 g5 24. Kf2 Kg7 25. Re3 Bg6 26. Rae1 Rxe3 27.
Rxe3 Re8 28. d5 cxd5 29. Bxd5 b6 30. c4 Rxe3 31. Kxe3 Kf8 32. Kd4 Ke7 33. g4
Kd6 34. a3 h6 35. Bb7 a5 36. Bd5 Be8 37. Be4 Bd7 38. Bd5 Bc8 39. Be4 Be6 40.
Bb7 Bd7 41. Bd5 f5 42. gxf5 Bxf5 43. Bb7 Bd7 44. Bd5 Bc6 45. Bxc6 Kxc6 46. a4
Kd6 47. g3 h5 48. g4 h4 49. Ke4 Ke6 1/2-1/2

[Event "SV Rot-Weiß-Altenessen 1 - SV Mülheim-N"]
[Site "Verbandsliga, Gruppe 2 2017/2"]
[Date "2018.02.04"]
[Round "6.7"]
[White "Grodotzki, Kenneth"]
[Black "Metzner, Carsten"]
[Result "0-1"]
[WhiteElo "1985"]
[BlackElo "1787"]
[PlyCount "114"]
[EventDate "2018.??.??"]

1. f4 d5 2. Nf3 Nf6 3. d3 c5 4. g3 Nc6 5. Bg2 e6 6. O-O g6 7. c3 Bg7 8. Qe1 O-O
9. e4 d4 10. c4 Rb8 11. h3 b5 12. cxb5 Nb4 13. Qe2 Rxb5 14. Na3 Ra5 15. Bd2 Ba6
16. Bxb4 cxb4 17. Nc4 Bxc4 18. dxc4 d3 19. Qe3 Nh5 20. Ne5 Rxe5 21. fxe5 Bxe5
22. Kh2 Bxg3+ 23. Kh1 Be5 24. Rf3 Qc7 25. Qxd3 Ng3+ 26. Rxg3 Bxg3 27. Rd1 Bh4
28. Qe2 Rd8 29. Rxd8+ Qxd8 30. b3 Qd4 31. Qg4 Qf2 32. Qf3 Qxa2 33. Qe3 Qa1+ 34.
Kh2 Qe5+ 35. Kh1 Qc3 36. Qxa7 Bg3 37. e5 Qe1+ 38. Qg1 Qxe5 39. c5 Qe1 40. Qxe1
Bxe1 41. Kh2 Bf2 42. c6 Bb6 43. Kg3 f5 44. Kf4 Bc7+ 45. Ke3 Kf7 46. Kd4 Ke7 47.
Kc5 Bd6+ 48. Kb6 Kd8 49. Bf1 e5 50. Bc4 e4 51. Bd5 g5 52. Be6 e3 53. Bc4 h5 54.
c7+ Bxc7+ 55. Kc6 g4 56. hxg4 hxg4 57. Kd5 g3 0-1

[Event "SV Rot-Weiß-Altenessen 1 - SV Mülheim-N"]
[Site "Verbandsliga, Gruppe 2 2017/2"]
[Date "2018.02.04"]
[Round "6.8"]
[White "Drawe, Thomas"]
[Black "Brockhaus, Bernd"]
[Result "1/2-1/2"]
[WhiteElo "1861"]
[BlackElo "1948"]
[PlyCount "60"]
[EventDate "2018.??.??"]

1. c4 g6 2. g3 Bg7 3. Bg2 c6 4. Nc3 d6 5. Nf3 Nf6 6. O-O O-O 7. Rb1 Qa5 8. b4
Qh5 9. b5 Bh3 10. bxc6 bxc6 11. Rb7 Nbd7 12. Bxh3 Qxh3 13. Ng5 Qf5 14. d3 h6
15. Nge4 Qh3 16. f3 Nxe4 17. Nxe4 Qe6 18. Bb2 Bxb2 19. Rxb2 f5 20. Nc3 f4 21.
Kg2 Rf5 22. g4 Ra5 23. Qd2 Rf8 24. Nd5 Rxd5 25. cxd5 cxd5 26. Rb4 Qe5 27. Rfb1
h5 28. h3 Nb6 29. a4 d4 30. Rxb6 axb6 1/2-1/2

[Event "SF Buer 1 - SV Welper 2"]
[Site "Verbandsklasse, Gruppe 1 2017"]
[Date "2018.02.04"]
[Round "6.1"]
[White "Teich, Udo"]
[Black "Große-Frintrop, Gerd"]
[Result "1/2-1/2"]
[WhiteElo "1910"]
[BlackElo "1957"]
[PlyCount "96"]
[EventDate "2018.??.??"]

1. Nf3 f5 2. c4 Nf6 3. g3 g6 4. Bg2 Bg7 5. O-O O-O 6. Nc3 d6 7. d3 c6 8. Bd2
Na6 9. Rb1 e5 10. Qc1 e4 11. dxe4 fxe4 12. Nh4 d5 13. cxd5 cxd5 14. Bh6 Bxh6
15. Qxh6 Ng4 16. Qd2 g5 17. Nf3 exf3 18. Bxf3 d4 19. Rbd1 Nc7 20. Ne4 h6 21.
Qxd4 Qxd4 22. Rxd4 Ne5 23. Bg2 Nc6 24. Rd6 Kg7 25. Nc5 Nb5 26. Rd2 Nbd4 27.
Rfd1 Rf7 28. Rxd4 Nxd4 29. Rxd4 Rb8 30. Rd8 Rc7 31. Nd3 Rd7 32. Re8 Rc7 33. f4
b5 34. Bd5 Rb6 35. b4 Bb7 36. Bb3 Rd6 37. Kf2 Bd5 38. Nc5 Bf7 39. Re5 Bxb3 40.
axb3 Rf7 41. Nd3 a6 42. Kf3 Rc6 43. Kg4 gxf4 44. gxf4 Rg6+ 45. Kf3 Rd6 46. Rc5
Kf6 47. Rh5 Kg7 48. Rc5 Kf6 1/2-1/2

[Event "SF Buer 1 - SV Welper 2"]
[Site "Verbandsklasse, Gruppe 1 2017"]
[Date "2018.02.04"]
[Round "6.2"]
[White "Renk, Christoph"]
[Black "Sharma, Danesh"]
[Result "0-1"]
[WhiteElo "1975"]
[BlackElo "1863"]
[PlyCount "106"]
[EventDate "2018.??.??"]

1. c4 e5 2. Nc3 Bb4 3. g3 Bxc3 4. dxc3 Nc6 5. Bg2 d6 6. Nf3 Be6 7. b3 h6 8. e4
Qd7 9. O-O Nge7 10. Ne1 g5 11. Nc2 O-O-O 12. Ne3 Rdg8 13. Nd5 Rg6 14. b4 Nb8
15. Be3 c6 16. Nxe7+ Qxe7 17. c5 Bc4 18. Qg4+ Qd7 19. Qxd7+ Nxd7 20. Rfd1 dxc5
21. bxc5 Rd8 22. Rab1 Bxa2 23. Rb2 Bc4 24. Rdb1 Bd3 25. Ra1 Ba6 26. Bf1 Nb8 27.
Bxa6 Nxa6 28. Kg2 g4 29. Rf1 Rd3 30. Rfb1 Rd7 31. Ra2 h5 32. h3 gxh3+ 33. Kxh3
f6 34. f3 Rd3 35. Bf2 Rxf3 36. Rd1 Nc7 37. Rad2 Rg8 38. Kg2 Rxc3 39. Rd6 h4 40.
Rxf6 hxg3 41. Bg1 Nb5 42. Rdf1 a5 43. Re6 Rc2+ 44. Kh3 g2 45. Ra1 Rc3+ 46. Kh4
Nd4 47. Rxa5 Rh8+ 48. Kg4 Nxe6 49. Ra8+ Kc7 50. Rxh8 Rc1 51. Be3 g1=Q+ 52. Bxg1
Rxg1+ 53. Kf5 Nxc5 0-1

[Event "SF Buer 1 - SV Welper 2"]
[Site "Verbandsklasse, Gruppe 1 2017"]
[Date "2018.02.04"]
[Round "6.3"]
[White "Leimkuehler, Dirk"]
[Black "Wilbert, Siegfried"]
[Result "1/2-1/2"]
[WhiteElo "1813"]
[BlackElo "1984"]
[PlyCount "158"]
[EventDate "2018.??.??"]

1. f4 d5 2. Nf3 g6 3. g3 Bg7 4. Bg2 Nh6 5. d3 O-O 6. O-O c5 7. Nc3 Nc6 8. e4
dxe4 9. dxe4 Bg4 10. Be3 Nd4 11. h3 Nxf3+ 12. Bxf3 Bxh3 13. Rf2 Qc8 14. Nd5 Re8
15. f5 gxf5 16. Bxh6 Bxh6 17. Rh2 fxe4 18. Bxe4 Bg4 19. Qd3 Kg7 20. Rf1 c4 21.
Qd4+ e5 22. Qf2 f5 23. Bxf5 Bxf5 24. g4 Bg5 25. gxf5 h6 26. Rg2 Kf7 27. Qf3
Qc5+ 28. Kh1 Rg8 29. Qh5+ Kf8 30. Rd1 Qc6 31. Qe2 Re8 32. Rg4 b5 33. Re4 Rg7
34. f6 Rf7 35. Rxe5 Rxe5 36. Qxe5 Bxf6 37. Qb8+ Kg7 38. Rg1+ Bg5 39. Qe5+ Kh7
40. Qe4+ Qg6 41. Qe2 Qf5 42. Qg2 Rd7 43. Ne3 Qf4 44. Ng4 Rf7 45. Qc6 Qf3+ 46.
Qxf3 Rxf3 47. Kg2 Rf4 48. Nh2 Bf6 49. Rd1 Bxb2 50. Rd7+ Kg6 51. Rxa7 Rf6 52.
Nf3 Rb6 53. Rc7 Bf6 54. Rc5 c3 55. Kh3 b4 56. Ne1 Ra6 57. Rb5 Rxa2 58. Rxb4 Rb2
59. Rc4 Ra2 60. Re4 Kf5 61. Re2 Ra4 62. Nf3 Re4 63. Rf2 Ke6 64. Ng1 Bd4 65. Re2
Kd5 66. Rxe4 Kxe4 67. Ne2 Be5 68. Nxc3+ Bxc3 69. Kg2 Ke3 70. Kh1 Kd2 71. Kg2
Kxc2 72. Kh1 Kd2 73. Kg2 Ke2 74. Kh1 Kf3 75. Kh2 Kg4 76. Kg2 Be5 77. Kh1 Kh3
78. Kg1 Kg3 79. Kh1 h5 1/2-1/2

[Event "SF Buer 1 - SV Welper 2"]
[Site "Verbandsklasse, Gruppe 1 2017"]
[Date "2018.02.04"]
[Round "6.4"]
[White "Schorra, Helmut"]
[Black "Wallhof, Dieter"]
[Result "1-0"]
[WhiteElo "2035"]
[BlackElo "1887"]
[PlyCount "131"]
[EventDate "2018.??.??"]

1. Nf3 Nf6 2. d4 e6 3. c4 Bb4+ 4. Nbd2 b6 5. a3 Bxd2+ 6. Bxd2 Bb7 7. g3 d6 8.
Bg2 Nbd7 9. O-O O-O 10. Bc3 Ne4 11. Qc2 Nxc3 12. Qxc3 Qe7 13. Rfe1 Be4 14. Nd2
Bxg2 15. Kxg2 e5 16. e4 exd4 17. Qxd4 Rfe8 18. Re3 a5 19. b3 Nc5 20. Rae1 Ne6
21. Qc3 Rad8 22. f4 Qd7 23. f5 Nf8 24. Nf3 f6 25. g4 Qf7 26. Nd4 c5 27. Nb5 Qe7
28. Rd3 Rd7 29. Qd2 Red8 30. Nc3 Qf7 31. Rd1 h5 32. h3 hxg4 33. hxg4 Nh7 34.
Qf4 Qf8 35. Nb5 Ng5 36. Rxd6 Rxd6 37. Rxd6 Re8 38. Nc3 Re5 39. Qd2 Nf7 40. Rxb6
Qa8 41. Re6 Qb8 42. Qd1 a4 43. Nxa4 Kh7 44. Qd3 Ng5 45. Rxe5 Qxe5 46. Nc3 Qf4
47. a4 Kg8 48. a5 Qc7 49. a6 Qa5 50. Qe3 Qxa6 51. Qxc5 Qa1 52. Qd5+ Kh7 53. Qd2
Qa5 54. Qe3 Qa3 55. Nd1 Nf7 56. Nf2 Ne5 57. Qg3 Nf7 58. Qc3 Qa2 59. c5 Ne5 60.
g5 Qe2 61. c6 Qa6 62. c7 Qc8 63. g6+ Kg8 64. b4 Nd7 65. Qb3+ Kh8 66. Qh3+ 1-0

[Event "SF Buer 1 - SV Welper 2"]
[Site "Verbandsklasse, Gruppe 1 2017"]
[Date "2018.02.04"]
[Round "6.5"]
[White "Sharma, Rakesh"]
[Black "Andersen, Knut"]
[Result "0-1"]
[WhiteElo "1858"]
[BlackElo "1968"]
[Annotator "Daniel"]
[PlyCount "48"]
[EventDate "2018.??.??"]

1. d4 Nf6 2. Bg5 d5 3. Bxf6 exf6 4. e3 Bd6 5. Nc3 c6 6. Bd3 O-O 7. Nf3 Bg4 8.
h3 Bh5 9. g4 Bg6 10. Nh4 Bxd3 11. Qxd3 g6 12. f4 Qe7 13. O-O-O Nd7 14. Rdg1
Rfe8 15. Nd1 Nb6 16. f5 Qe4 17. Qxe4 Rxe4 18. b3 a5 19. a4 c5 20. fxg6 fxg6 21.
Nf3 Rc8 22. Kd2 $11 c4 23. c3 cxb3 24. Nb2 Ba3 0-1

[Event "SF Buer 1 - SV Welper 2"]
[Site "Verbandsklasse, Gruppe 1 2017"]
[Date "2018.02.04"]
[Round "6.6"]
[White "Ebert, Manfred"]
[Black "Kleff, Tim"]
[Result "1-0"]
[WhiteElo "1900"]
[BlackElo "1770"]
[PlyCount "103"]
[EventDate "2018.??.??"]

1. g3 d5 2. Bg2 Nf6 3. f4 Bf5 4. e3 g6 5. b3 Bg7 6. Bb2 O-O 7. Nf3 Nbd7 8. d3
Ng4 9. Bxg7 Nxe3 10. Qe2 Nxg2+ 11. Qxg2 Kxg7 12. g4 Bxd3 13. cxd3 Nc5 14. Qe2
f6 15. b4 Na6 16. Nd4 Qd6 17. Ne6+ Kf7 18. Nxf8 Qxf4 19. Nd2 Nxb4 20. Ne6 Nc2+
21. Kd1 Ne3+ 22. Kc1 Qe5 23. Nb3 Qxe6 24. Re1 Qc6+ 25. Kb2 d4 26. Nxd4 Qb6+ 27.
Nb3 Nd5 28. Rac1 a5 29. Ka1 e5 30. Qe4 Rd8 31. Nc5 c6 32. Qc4 Qc7 33. a4 Qe7
34. Rb1 Rb8 35. Rb3 Kg7 36. Reb1 Nb4 37. Rd1 b5 38. Qc1 Rd8 39. Rd2 Rd5 40. Rc3
Rd4 41. axb5 cxb5 42. Nb3 Nd5 43. Nxd4 Nxc3 44. Qxc3 b4 45. Qb2 exd4 46. h3 a4
47. Re2 Qc5 48. Qc2 Qa7 49. Qc6 b3 50. Qd6 Qa8 51. Re7+ Kh6 52. Qf4+ 1-0

[Event "SF Buer 1 - SV Welper 2"]
[Site "Verbandsklasse, Gruppe 1 2017"]
[Date "2018.02.04"]
[Round "6.7"]
[White "Olf, Hans-Helmut"]
[Black "Seppelfricke, Guido"]
[Result "1-0"]
[WhiteElo "1991"]
[BlackElo "1828"]
[PlyCount "145"]
[EventDate "2018.??.??"]

1. Nf3 c5 2. c4 Nc6 3. g3 d6 4. Bg2 g6 5. O-O Bg7 6. Nc3 Nf6 7. d3 O-O 8. Rb1
e5 9. e4 Bg4 10. h3 Bd7 11. a3 Qc8 12. Kh2 Nd4 13. b4 Ne6 14. Nd5 Nxd5 15. cxd5
Nd8 16. Be3 cxb4 17. Rxb4 b5 18. Qd2 a5 19. Rbb1 f5 20. Rfc1 Qb7 21. d4 Nf7 22.
dxe5 fxe4 23. Ng5 Nxg5 24. Bxg5 Bxe5 25. Bxe4 Rae8 26. Bg2 Qb6 27. Be3 Qd8 28.
f4 Bg7 29. Bf1 Qb8 30. Bxb5 Bxb5 31. a4 Bxa4 32. Rxb8 Rxb8 33. Qxa5 Rb2+ 34.
Kg1 Bb3 35. Rc7 Rb1+ 36. Kf2 Re8 37. Qd2 Ra8 38. Ba7 Bf6 39. Qd3 Rb2+ 40. Kf1
Ba4 41. Qe4 Bb5+ 42. Kg1 Re8 43. Rc8 Rxc8 44. Qe6+ Kg7 45. Qxc8 Rb1+ 46. Kf2
Rb2+ 47. Ke1 Rb1+ 48. Kd2 Rb2+ 49. Kc1 Ba4 50. Bb8 Rc2+ 51. Qxc2 Bxc2 52. Kxc2
Be7 53. Kd3 Kf6 54. Ke4 h6 55. g4 Kf7 56. Bc7 Bf8 57. Bd8 Bg7 58. Bb6 Bf6 59.
Bd4 Bd8 60. f5 g5 61. Kd3 Be7 62. Kc4 Bf8 63. Kb5 Ke7 64. Kc6 h5 65. Bb6 hxg4
66. hxg4 Bg7 67. Be3 Bh6 68. Kc7 Kf6 69. Kxd6 Bf8+ 70. Kc6 Be7 71. d6 Bd8 72.
Kd7 Ba5 73. Ke8 1-0